Memorias /
Saved in:
| Main Author: | |
|---|---|
| Format: | Book |
| Language: | Spanish |
| Published: |
Barcelona :
Planeta,
2007.
|
| Edition: | 2. ed. |
| Series: | EspañaEscrita ;
EE:07. |
| Subjects: | |
| Tags: |
Add Tag
No Tags, Be the first to tag this record!
|
| LEADER | 00834aam a2200301 a 4500 | ||
|---|---|---|---|
| 001 | 010597729-2 | ||
| 005 | 20070925150144.0 | ||
| 008 | 070205s2007 sp 001 0aspa d | ||
| 020 | |a 8408070355 | ||
| 020 | |a 9788408070351 | ||
| 035 | 0 | |a ocm85528810 | |
| 040 | |a PL# |b spa |c PL# | ||
| 043 | |a e-sp--- | ||
| 050 | 0 | 0 | |a HX343.8.C37 |b C37 2007 |
| 090 | |a HX343.8.C37 |b C37 2007x | ||
| 100 | 1 | |a Carrillo, Santiago. | |
| 245 | 1 | 0 | |a Memorias / |c Santiago Carrillo. |
| 250 | |a 2. ed. | ||
| 260 | |a Barcelona : |b Planeta, |c 2007. | ||
| 300 | |a xviii, 849 p. : |b ill. ; |c 26 cm. | ||
| 490 | 1 | |a EspañaEscrita ; |v EE:07 | |
| 500 | |a Includes index. | ||
| 653 | |a Carrillo, Santiago. | ||
| 610 | 2 | 0 | |a Partido Comunista de España. |
| 650 | 0 | |a Communists |z Spain |v Biography. | |
| 830 | 0 | |a EspañaEscrita ; |v EE:07. | |
| 988 | |a 20070718 | ||
| 906 | |0 OCLC | ||


